| 000 | 01270cam a2200349 i 4500 | ||
|---|---|---|---|
| 001 | 9229 | ||
| 003 | Mx-PuUPA | ||
| 005 | 20220222131418.0 | ||
| 008 | 140415s1988 sp a gre 001 0 spa d | ||
| 017 | _aM. 14.037-1973 | ||
| 020 |
_a8423952126 _qtomo 12 |
||
| 040 |
_aMx-PuUPA _bspa _cMx-PuUPA _dMx-PuUPA _erda |
||
| 041 | 0 | _aspa | |
| 100 | 1 |
_912062 _aPijoán, José, _d1881-1963 _eautor |
|
| 245 | 1 | 0 |
_aArte islámico / _cJosé Pijoán |
| 250 | _aSéptima edición | ||
| 264 | 1 |
_aMadrid : _bEspasa-Calpe, _c1988 _c©1949 |
|
| 300 |
_a630 páginas, xxiv hojas : _bilustraciones, láminas (algunas a color) ; _c28 cm |
||
| 336 |
_2rdacontent _atexto _btxt |
||
| 336 |
_2rdacontent _aimagen fija _bsti |
||
| 337 |
_2rdamedia _asin medio _bn |
||
| 338 |
_2rdacarrier _avolumen _bnc |
||
| 490 | 1 |
_aSumma artis, historia general del arte ; _v12 |
|
| 650 | 7 |
_aArte _xHistoria _2armarc |
|
| 655 | 7 |
_2armarc _aEnciclopedias |
|
| 785 | 0 | 0 |
_aPijoán, José, _bSéptima edición _dMadrid : Espasa-Calpe, 1986 _tArte del período humanístico trecento y cuatrocento _w(Mx-PuUPA) 9230 _z8423952134 |
| 830 | 0 |
_912114 _aSumma artis, historia general del arte _v12 |
|
| 942 |
_2ddc _cLI _h709 _iS955 |
||
| 999 |
_c9229 _d9229 |
||